00634nai a2200169Ia 4500003000900000008004100009022002200050022002300072040001600095245004000111260008600151310001400237362002500251521006900276650002900345856009000374IN-BaIIA211028c9999 xx s 000 0 eng d a1089-7801 (Print) a1941-0131 (Online) cIIA Library 0aIEEE Internet Computingh[eJournal] aNew York, USAbThe Institute of Electrical and Electronics Engineers, Inc. (IEEE) aBimonthly a1(1); 1997 - Present bSubscribed through National Knowledge Resource Consortium (NKRC) aComputing and Processing uhttps://ieeexplore.ieee.org/servlet/opac?punumber=4236yClick Here to Access eJournal